|
|
|
|
| LEADER |
00827nab a2200229 i 4500 |
| 001 |
misc65196 |
| 005 |
20240220145550.0 |
| 008 |
230103s1985 hu o 000 hun d |
| 040 |
|
|
|a SZTE Miscellanea Repozitórium
|b hun
|
| 041 |
|
|
|a hun
|
| 100 |
1 |
|
|a Vékony Gábor
|
| 245 |
1 |
2 |
|a A szarvasi felirat és ami körülötte van
|h [elektronikus dokumentum] /
|c Vékony Gábor
|
| 260 |
|
|
|c 1985
|
| 300 |
|
|
|a 1133-1148
|c 30 cm
|
| 300 |
|
|
|a [16] p.
|c 30 cm
|
| 490 |
0 |
|
|a Életünk : irodalmi, művészeti és kritikai folyóirat
|
| 561 |
|
|
|a Németh Gyula hagyaték
|
| 591 |
|
|
|a NOA 6339
|
| 650 |
|
4 |
|a Bölcsészettudományok
|
| 650 |
|
4 |
|a Történettudomány és régészet
|
| 695 |
|
|
|a Rovásírásos felirat - ótörök - 8. sz. - szarvasi
|
| 856 |
4 |
0 |
|u http://misc.bibl.u-szeged.hu/65196/1/6339_noa.pdf
|z Dokumentum-elérés
|